METHODS IN BIOSTATISTICS FOR MEDICAL STUDENTS (Record no. 1622)

MARC details
000 -LEADER
fixed length control field 00363nam a2200145Ia 4500
008 - FIXED-LENGTH DATA ELEMENTS--GENERAL INFORMATION
fixed length control field 150201s2010 xx 000 0 und d
082 ## - DEWEY DECIMAL CLASSIFICATION NUMBER
Classification number 519.5
Item number M10M
100 ## - MAIN ENTRY--PERSONAL NAME
Personal name MAHAJAN , B.K.
245 ## - TITLE STATEMENT
Title METHODS IN BIOSTATISTICS FOR MEDICAL STUDENTS
250 ## - EDITION STATEMENT
Edition statement 7TH
260 ## - PUBLICATION, DISTRIBUTION, ETC. (IMPRINT)
Name of publisher, distributor, etc. JAYPEE
Place of publication, distribution, etc. DELHI
Date of publication, distribution, etc. 2010
300 ## - PHYSICAL DESCRIPTION
Extent 1-343
650 ## - SUBJECT ADDED ENTRY--TOPICAL TERM
Topical term or geographic name as entry element BIOSTATISTICS
942 ## - ADDED ENTRY ELEMENTS (KOHA)
Source of classification or shelving scheme Dewey Decimal Classification
Koha item type Books
Koha issues (borrowed), all copies 41
Holdings
Withdrawn status Lost status Source of classification or shelving scheme Damaged status Not for loan Collection code Home library Current library Shelving location Date acquired Source of acquisition Cost, normal purchase price SGTU Bill Number Total Checkouts Full call number Barcode Date last seen Bill Date Koha item type Date last checked out Total Renewals
    Dewey Decimal Classification     MEDICAL SGT Medical Library SGT Medical Library Text Book 23/01/2014 ABC DELHI 350.00 SGTU 4209   519.5 M10M FM5685 09/02/2015 11/02/2014 Books    
    Dewey Decimal Classification     MEDICAL SGT Medical Library SGT Medical Library Text Book 23/01/2014 ABC DELHI 350.00 SGTU 4209 46 519.5 M10M FM5686 24/12/2025 11/02/2014 Books 10/12/2025  
    Dewey Decimal Classification     MEDICAL SGT Medical Library SGT Medical Library Text Book 23/01/2014 ABC DELHI 350.00 SGTU 4209 34 519.5 M10M FM5687 22/12/2025 11/02/2014 Books 09/12/2025  
    Dewey Decimal Classification     MEDICAL SGT Medical Library SGT Medical Library Text Book 23/01/2014 ABC DELHI 350.00 SGTU 4209 45 519.5 M10M FM5688 15/04/2026 11/02/2014 Books 30/03/2026 2
    Dewey Decimal Classification     MEDICAL SGT Medical Library SGT Medical Library Text Book 23/01/2014 ABC DELHI 350.00 SGTU 4209   519.5 M10M FM5689 21/07/2018 11/02/2014 Books